LEADER 02815nas 2200781-a 450 001 9910136727503321 005 20260218110408.0 011 $a1988-2327 035 $a(CKB)110978984351047 035 $a(CONSER)---99110329- 035 $a(MiAaPQ)54823 035 $a(DE-599)ZDB2207927-0 035 $a(MiFhGG)3GJH 035 $a(DE-599)2207927-0 035 $a(EXLCZ)99110978984351047 100 $a19940722a19919999 --- - 101 0 $aspa 181 $ctxt$2rdacontent 182 $cc$2rdamedia 183 $acr$2rdacarrier 200 00$aComplutum 210 $aMadrid $cEditorial Complutense$d1991- 215 $a1 online resource 225 1 $aPublicaciones del Departamento de Prehistoria y Etnología de la Universidad Complutense de Madrid 300 $aRefereed/Peer-reviewed 311 08$aPrint version: Complutum. 1131-6993 (DLC) 99110329 (OCoLC)30820498 410 0$aPublicaciones del Departamento de Prehistoria y Etnología de la Universidad Complutense de Madrid. 606 $aArchaeology$vPeriodicals 606 $aExcavations (Archaeology)$zEurope$vPeriodicals 606 $aPrehistoric peoples$zEurope$vPeriodicals 606 $aAntiquities, Prehistoric$zEurope$vPeriodicals 606 $a15.32 prehistoric and protohistoric archaeology$3(NL-LeOCL)077609476$2bcl 606 $aAntiquities$2fast$3(OCoLC)fst00810745 606 $aAntiquities, Prehistoric$2fast$3(OCoLC)fst00810762 606 $aArchaeology$2fast$3(OCoLC)fst00812938 606 $aExcavations (Archaeology)$2fast$3(OCoLC)fst00917564 606 $aPrehistoric peoples$2fast$3(OCoLC)fst01075242 606 $aPrehistorie$2gtt 606 $aCulturele antropologie$2gtt 606 $aArcheologie$2gtt 606 $aArqueologia$vRevistes$2lemac 606 $aExcavacions arqueològiques$zEuropa$vRevistes$2lemac 606 $aPrehistòria$zEuropa$vRevistes$2lemac 607 $aEurope$xAntiquities$vPeriodicals 607 $aEurope$2fast 608 $aPeriodicals.$2fast 615 0$aArchaeology 615 0$aExcavations (Archaeology) 615 0$aPrehistoric peoples 615 0$aAntiquities, Prehistoric 615 7$a15.32 prehistoric and protohistoric archaeology. 615 7$aAntiquities. 615 7$aAntiquities, Prehistoric. 615 7$aArchaeology. 615 7$aExcavations (Archaeology) 615 7$aPrehistoric peoples. 615 17$aPrehistorie. 615 17$aCulturele antropologie. 615 17$aArcheologie. 615 7$aArqueologia 615 7$aExcavacions arqueològiques 615 7$aPrehistòria 712 02$aUniversidad Complutense de Madrid.$bDepartamento de Prehistoria. 906 $aJOURNAL 912 $a9910136727503321 920 $aexl_impl conversion 996 $aComplutum$91325995 997 $aUNINA